Optimización de la planta de servicios de la División Automotriz de COOPESA R.L
Gardado en:
| Autor Principal: | |
|---|---|
| Outros autores: | , |
| Formato: | Libro |
| Publicado: |
San José, Costa Rica
1990
|
| Materias: | |
| Etiquetas: |
Engadir etiqueta
Sen Etiquetas, Sexa o primeiro en etiquetar este rexistro!
|
MARC
| LEADER | 00000nam a2200000Ia 4500 | ||
|---|---|---|---|
| 003 | 007334 | ||
| 005 | 20221231144305.0 | ||
| 008 | 140114s1990 cr a m 000 ||s d | ||
| 040 | |c cru CEDI | ||
| 090 | |a TFG 3065 | ||
| 100 | |a Gutiérrez Rojas, Paul |9 11439 | ||
| 245 | |a Optimización de la planta de servicios de la División Automotriz de COOPESA R.L | ||
| 260 | |c 1990 |a San José, Costa Rica | ||
| 300 | |a 2 volúmenes : ilustraciones (algunos plegables,) ; 28 cm | ||
| 500 | |a Proyecto de graduacion (licenciatura en ingenieria industrial)--Universidad de Costa Rica. Facultad de Ingeniería. Escuela de Ingeniería Industrial | ||
| 501 | |a Tomo 2 Pérdido | ||
| 650 | |x COOPERATIVA DE SERVICIOS AEROINDUSTRIALES (COSTA RICA) DIVISION AUTOMOTRIZ |9 11442 | ||
| 700 | |9 11440 |a Monge Salas, Robert, | ||
| 700 | |9 11441 |a Ulate Rodríguez, Carlos | ||
| 942 | |c TFG | ||
| 999 | |c 19665 |d 19665 | ||
